000 02080nab a2200241 i 4500
003 BR-BrBNA
005 20241205152604.0
008 241205b2011 bl.qr|pooa||| 00| 0 por |
040 _aBR-BrBNA
_bpor
072 _aF70
100 _aZanin, Ana
100 _aLonghi-Wagner, Hilda Maria
245 _aRevisão de Andropogon (Poaceae – Andropogoneae) para o Brasil
500 _aPublicação on-line; 32 ref.; 3 illus.; Summaries (En, Pt)
520 _a Resumo É apresentada uma revisão taxonômica das espécies de Andropogon L. que ocorrem no Brasil com base em coletas, observação de populações no campo e análise de coleções de 72 herbários nacionais e internacionais. Foram confirmadas 28 espécies, incluindo A. gayanus Kunth, introduzida da África para cultivo, além de uma subespécie e uma variedade. O trabalho inclui chaves de identificação, descrições e ilustrações para todos os táxons, além de dados sobre distribuição geográfica, hábitat, período de floração, nomenclatura e comentários gerais. Palavras-chave: Gramineae, taxonomia.
520 _a Abstract A taxonomic revision of the genus Andropogon L. in Brazil is presented. Based on field collections, observation of the populations and revision of 72 national and international herbaria, 28 species, including A. Gayanus Kunth introduced from Africa were confirmed, besides one subspecie and one variety. The work includes key for the identification of the confirmed taxa, descriptions and illustrations, as well as data about geographic distribution, habitat, flowering periods, typification, synonymy and general comments. Key words: Gramineae, taxonomy.
650 _aGRAMINEAE
650 _aTAXONOMIA
773 0 _0709
_9347049
_dRio de Janeiro-RJ Jardim Botanico do Rio de Janeiro 1935
_o2024-7870
_tRodriguésia (Brazil)
_x0370-6583; 2175-7860 on-line
_gv. 62(1) p. 171-202; (2011)
_wBR2024003788
856 _uhttps://www.scielo.br/j/rod/a/xFH4Xv6xnkFjnLfdYb8Qmcb/?format=pdf&lang=pt
942 _cANA
999 _c329054
_d329054